000 00614nab a2200181 4500
001 244442
003 OSt
005 20230531082845.0
007 tu
008 200917s2020|||||||
040 _aDE-2950
_cDE-2950
245 0 0 _aImmer noch kein Land in Sicht.
_bHelenesee. Die Bohrungen im ehemaligen Tagebaugebiet bei Frankfurt sind abgeschlossen. Doch die Fertigstellung des Gutachtens verschiebt sich erneut /
_cThomas Gutke
264 _c2023
653 _aFrankfurt (Oder)
653 _aHelenesee
773 0 _g34. Jahrgang (2023) Nr. 116 vom 20.05.2023, S. 15: mit Foto
_tMärkische Oderzeitung
942 _2z
_cA
999 _c372478
_d372478